[Event "Oskarja Memorial 10th"]
[Site "Chess.com INT"]
[Date "2021.01.16"]
[Round "7"]
[White "Sagovac, Kristijan"]
[Black "Pretnar, Bostjan"]
[Result "0-1"]
[WhiteElo "1937"]
[BlackElo "1794"]
[PlyCount "86"]
[EventDate "2021.01.16"]
[EventType "swiss (blitz)"]
[EventRounds "15"]
[EventCountry "SLO"]
[SourceTitle "CBM 200 Extra"]
[Source "ChessBase"]
[SourceDate "2021.03.31"]
[SourceVersion "1"]
[SourceVersionDate "2021.03.31"]
[SourceQuality "1"]

1. e4 Nf6 2. e5 Nd5 3. c4 Nb6 4. d4 d6 5. exd6 cxd6 6. Nf3 g6 7. Be2 Bg7 8. Be3 0-0 9. Nc3 Bg4 10. 0-0 Nc6 11. b3 Bxf3 12. Bxf3 Rc8 13. d5 Bxc3 14. Rc1 Bg7 15. dxc6 bxc6 16. Qd2 Nd7 17. Bxa7 Ne5 18. Be4 Qc7 19. Be3 c5 20. f4 Nc6 21. f5 Nd4 22. fxg6 hxg6 23. Bh6 f5 24. Bxg7 Kxg7 25. Bd3 e5 26. Qg5 e4 27. Bb1 Ne2+ 28. Kh1 Nxc1 29. Rxc1 Rce8 30. Rc3 Qe7 31. Qf4 e3 32. Rc1 Qe5 33. Qg5 e2 34. Re1 Qb2 35. h4 Qc3 36. h5 Qxe1+ 37. Kh2 Rf6 38. h6+ Kf7 39. h7 Qxb1 40. Qh6 e1Q 41. h8N+ Rxh8 42. Qxh8 Qh1+ 43. Kg3 Qxh8 0-1

[Event "CRO-chT U20 29th"]
[Site "Cakovec"]
[Date "2020.07.18"]
[Round "10.1"]
[White "Sagovac, Kristijan"]
[Black "Tomljanovic, Ivano"]
[Result "1-0"]
[WhiteElo "1835"]
[BlackElo "1393"]
[PlyCount "43"]
[EventDate "2020.07.14"]
[EventType "team-tourn"]
[EventRounds "11"]
[EventCountry "CRO"]
[SourceTitle "CBM 197 Extra"]
[Source "ChessBase"]
[SourceDate "2020.09.30"]
[SourceVersion "1"]
[SourceVersionDate "2020.09.30"]
[SourceQuality "1"]
[WhiteTeam "Sesvete Agroproteinka U20"]
[BlackTeam "Crikvenica U20"]
[WhiteTeamCountry "CRO"]
[BlackTeamCountry "CRO"]

1. e4 e5 2. Nf3 Nc6 3. Bc4 Bc5 4. c3 d6 5. b4 Bb6 6. a4 a6 7. Qb3 Qe7 8. d3 h6 9. Be3 Bxe3 10. fxe3 Nf6 11. 0-0 0-0 12. Nh4 Ng4 13. Ng6 Qg5 14. Bxf7+ Rxf7 15. Qxf7+ Kh7 16. Nf8+ Kh8 17. Rf3 Nxe3 18. Rg3 Ng4 19. Na3 Qf6 20. Qe8 Qf2+ 21. Kh1 Qb6 22. Nd7+ 1-0

[Event "CRO-chT U16 29th"]
[Site "Sesvete"]
[Date "2020.06.27"]
[Round "3.2"]
[White "Gal, Andrej"]
[Black "Sagovac, Kristijan"]
[Result "1-0"]
[WhiteElo "1754"]
[BlackElo "1839"]
[PlyCount "97"]
[EventDate "2020.06.20"]
[EventType "team-tourn"]
[EventRounds "9"]
[EventCountry "CRO"]
[SourceTitle "EXT 2021"]
[Source "ChessBase"]
[SourceDate "2020.10.23"]
[SourceVersion "1"]
[SourceVersionDate "2020.10.23"]
[SourceQuality "1"]
[WhiteTeam "Samobor"]
[BlackTeam "Sesvete Agroproteinka"]
[WhiteTeamCountry "CRO"]
[BlackTeamCountry "CRO"]

1. d4 Nf6 2. c4 e6 3. Nf3 b6 4. g3 Ba6 5. b3 d5 6. Bg2 Nbd7 7. cxd5 exd5 8. 0-0 Bd6 9. Bb2 0-0 10. Nc3 c6 11. Re1 Re8 12. Rc1 Rc8 13. Qc2 Bb4 14. a3 Bxc3 15. Bxc3 c5 16. Qd1 Ne4 17. Bb2 c4 18. bxc4 Bxc4 19. Nd2 Nxd2 20. Qxd2 Nf6 21. f3 Rc6 22. e4 Rce6 23. e5 Nd7 24. f4 f5 25. a4 Qe7 26. Rxc4 dxc4 27. Bd5 Kh8 28. Bxe6 Qxe6 29. d5 Qg6 30. Rc1 Nc5 31. Rxc4 Ne4 32. Qe3 h5 33. Kg2 h4 34. Rc1 Qg4 35. e6 h3+ 36. Kg1 Kh7 37. Qd3 Nc5 38. Qd1 Qg6 39. Bd4 Ne4 40. Qf3 Rd8 41. Rc7 Rxd5 42. Rxg7+ Qxg7 43. Bxg7 Kxg7 44. Qh5 Rc5 45. Qxh3 Rc1+ 46. Kg2 Kg6 47. e7 Nf6 48. Qh8 Kf7 49. Qf8+ 1-0

[Event "CRO-ch U15"]
[Site "Trogir"]
[Date "2019.06.21"]
[Round "8"]
[White "Jurakic, Lukas"]
[Black "Sagovac, Kristijan"]
[Result "1-0"]
[WhiteElo "2030"]
[BlackElo "1850"]
[PlyCount "106"]
[EventDate "2019.06.17"]
[EventType "swiss"]
[EventRounds "9"]
[EventCountry "CRO"]
[SourceTitle "EXT 2020"]
[Source "ChessBase"]
[SourceDate "2019.10.17"]
[SourceVersion "1"]
[SourceVersionDate "2019.10.17"]
[SourceQuality "1"]

1. e4 c5 2. Nf3 Nc6 3. d4 cxd4 4. Nxd4 Nf6 5. Nc3 e5 6. Ndb5 d6 7. Bg5 a6 8. Na3 b5 9. Nd5 Be7 10. Bxf6 Bxf6 11. c3 Bg5 12. Nc2 0-0 13. a4 bxa4 14. Rxa4 Bb7 15. Bc4 Ne7 16. 0-0 Nxd5 17. Bxd5 Bxd5 18. Qxd5 Qb6 19. Nb4 Ra7 20. Rfa1 Qc5 21. Qxc5 dxc5 22. Nxa6 Rb7 23. Rb1 Be7 24. Kf1 Rd8 25. Rc4 Rc8 26. Nb4 Kf8 27. Nd3 f6 28. Rd1 Rd8 29. Ke2 Rb5 30. b4 cxb4 31. cxb4 Rdb8 32. Rb1 Kf7 33. Kd2 g6 34. Kc3 Bd6 35. Ra1 R5b7 36. Ra4 Be7 37. Nc5 Bxc5 38. Rxc5 Ke7 39. Kc4 Kd7 40. b5 Rb6 41. Ra7+ R8b7 42. Ra8 h5 43. Rg8 g5 44. g3 Ke6 45. Rc6+ Kf7 46. Rxb6 Rxb6 47. Rd8 Ke7 48. Rh8 Rd6 49. Kc5 Rd2 50. b6 Rc2+ 51. Kd5 Rd2+ 52. Kc4 Kd7 53. b7 Rd4+ 1-0

[Event "CRO-ch U15"]
[Site "Trogir"]
[Date "2018.06.20"]
[Round "8"]
[White "Sagovac, Kristijan"]
[Black "Jurakic, Lukas"]
[Result "0-1"]
[WhiteElo "1513"]
[BlackElo "1848"]
[PlyCount "24"]
[EventDate "2018.06.16"]
[EventType "swiss"]
[EventRounds "9"]
[EventCountry "CRO"]
[SourceTitle "EXT 2019"]
[Source "ChessBase"]
[SourceDate "2018.10.10"]
[SourceVersion "1"]
[SourceVersionDate "2018.10.10"]
[SourceQuality "1"]

1. e4 c5 2. Nf3 e6 3. d4 cxd4 4. Nxd4 Nf6 5. Nc3 d6 6. Be2 a6 7. Be3 Be7 8. a3 Qc7 9. Qd2 b5 10. Bf3 Bb7 11. b4 Nbd7 12. Qe2 Qxc3+ 0-1

[Event "CRO-ch U15"]
[Site "Trogir"]
[Date "2018.06.16"]
[Round "1"]
[White "Dabic, Stjepan"]
[Black "Sagovac, Kristijan"]
[Result "1-0"]
[WhiteElo "2068"]
[BlackElo "1513"]
[PlyCount "87"]
[EventDate "2018.06.16"]
[EventType "swiss"]
[EventRounds "9"]
[EventCountry "CRO"]
[SourceTitle "EXT 2019"]
[Source "ChessBase"]
[SourceDate "2018.10.10"]
[SourceVersion "1"]
[SourceVersionDate "2018.10.10"]
[SourceQuality "1"]

1. d4 Nf6 2. c4 e6 3. Nc3 Bb4 4. e3 0-0 5. Bd3 d5 6. Nf3 c5 7. 0-0 b6 8. Qe2 Bb7 9. Rd1 cxd4 10. exd4 Bxc3 11. bxc3 Nbd7 12. cxd5 Bxd5 13. Bg5 Qc7 14. Rac1 h6 15. Bh4 Qc6 16. c4 Bxf3 17. gxf3 Rac8 18. f4 Rfe8 19. Bg3 g6 20. f3 Nh5 21. Kf2 Nxg3 22. hxg3 Qd6 23. Qe3 Kg7 24. Be4 Nf6 25. Bb1 Nd7 26. Be4 Qb4 27. Qc3 Qxc3 28. Rxc3 f5 29. Bc2 Rc7 30. Bb3 Kf6 31. Re1 Kf7 32. Rce3 Rc6 33. Ba4 Rc7 34. d5 Nc5 35. Bxe8+ Kxe8 36. g4 fxg4 37. fxg4 Rf7 38. Kg3 Ke7 39. Rxe6+ Nxe6 40. Rxe6+ Kf8 41. Rxg6 Rc7 42. Rc6 Re7 43. f5 Re2 44. Rc8+ 1-0